000 00626nam a2200181Ia 4500
008 090630s9999 xx 000 0 und d
082 _b26479
100 _aपांडे सतिश.
245 _aक्ष किरणांची नवलकथा.
_cपांडे सतिश.
260 _bपद्रमगंधा.
300 _a48
600 _aपांडे सतिश.
630 _aक्ष किरणांची नवलकथा.
655 _aइतर.
700 _aपांडे सतिश.
730 _aक्ष किरणांची नवलकथा.
942 _cBOOK
999 _c278335
_d278335